000 01273cam a2200229 4500
001 ABS64659
008 011016n2001 000 0 eng u
035 _a(Sirsi) u115139
100 _aTeale, M.
245 _aWhen tomorrow never comes
260 _c2001
490 _aProperty Forecast
_v4(10) October 2001, 2(2)
520 _aDiscusses the current trends in the retail market. Notes that the retail sector has fared badly recently but the major players are performing better. Argues that consumer spending is set to slow over the coming months but not so sharply as in the early 1990s. Conditions in retail markets appear to be reasonably benign, the greatest possible threat coming from government policy towards motorists with proposals to charge them for entering major cities. Investor focus on larger markets is unlikely to change with a general concentration of retail activities continuing. Any recession would almost certainly end with fewer major players and even larger market shares.
590 _aABS
650 _aPROPERTY-COMMERCIAL PROPERTY-RETAIL PROPERTY-RETAIL PROPERTY MARKET
650 _aMARKET TRENDS
650 _aECONOMIC OUTLOOK
650 _aSHOPPING CENTRES
650 _aCAR CHARGES
690 _aECONOMIC ISSUES
942 _n0
999 _c68575
_d68575